[Event "Biel 44. ACCENTUS-GM-Turnier"]
[Site "Biel/Switzerland"]
[Date "2011.07.26"]
[Round "7"]
[White "Shirov, Alexei"]
[Black "Carlsen, Magnus"]
[Result "0-1"]
[WhiteElo "2714"]
[BlackElo "2821"]
[PlyCount "105"]
[EventDate "2011.??.??"]

1. e4 e5 2. Nf3 Nc6 3. Bb5 Nf6 4. d3 (4. O-O Nxe4) 4... Bc5 {[%csl Gf2,Gf7]} 5.
c3 O-O 6. Bg5 h6 7. Bh4 Be7 8. Nbd2 d6 9. Nf1 {[%csl Ge3,Gg3]} Nb8 10. Ne3 Ng4
(10... Nbd7 11. Ba4) 11. Bg3 Nxe3 12. fxe3 Nd7 13. d4 (13. O-O Nf6) 13... Nf6
14. Bd3 Ng4 15. Qe2 Bg5 16. dxe5 (16. Bf2) (16. Nxg5 Qxg5 17. Kd2 exd4 18. cxd4
Re8) (16. h3 Nxe3 17. h4 exd4 (17... Bf4 18. Bf2 exd4 19. cxd4 Ng4 20. g3 f5)
18. cxd4) 16... dxe5 17. Bxe5 Bh4+ 18. g3 Nxe5 {[%csl Gd3]} 19. Nxe5 Bf6 20.
Nf3 Qe7 21. O-O-O c6 (21... a6 22. Nd4 c5 23. Nf5 Bxf5 24. exf5 b5) (21... Bg4
22. h3 Bxf3 23. Qxf3 {[%cal Gd3c4]}) 22. Nd4 {[%csl Gf5][%cal Gd4f5]} a6 (22...
g6 23. Rhf1 Bg7 24. Bc4 Qxe4 25. Rf4 Qe7 26. Rdf1 {[%csl Gf7]}) (22... c5 23.
Nf5 Bxf5 24. exf5 {[%cal Gd3c4]}) 23. Rhf1 c5 24. Nf5 Bxf5 25. Rxf5 b5 26. Bc2
c4 {[%cal Ge4e5,Gc2e4,Ge4d5]} 27. Rfd5 (27. e5 Bxe5 28. Be4 Rad8 (28... Bxc3
29. Bd5) 29. Bd5 g6 30. Rff1 Kg7) 27... Be5 (27... Rab8 28. Rd7) 28. Qh5 (28.
Rd7 Qe6) 28... Rae8 29. a3 Qa7 30. Kd2 (30. R1d4 Bxd4 (30... Qb8 {[%cal Ga6a5,
Gb5b4]}) 31. exd4 {[%cal Ge4e5]}) (30. Rxe5 Qxe3+ 31. Kb1 g6) 30... Qb8 {[%cal
Ga6a5,Gb5b4]} 31. Ke2 Re6 32. Qh4 Qb6 33. Rd8 Ree8 34. Rxe8 Rxe8 35. Rd5 {
[%cal Ga6a5,Gb5b4]} Qc7 36. a4 Qb6 37. axb5 axb5 38. Qh5 (38. Rd7 b4 39. Re7)
38... Qb8 39. Rd7 g6 40. Qf3 (40. Qxh6 b4) 40... Rf8 41. Kf2 (41. Rd5 b4 42.
cxb4 Qxb4 43. Rxe5 Qxb2 {[%cal Gb2c2,Gb2e5]}) 41... b4 42. Qe2 bxc3 43. bxc3
Qc8 (43... Qb2 44. Bd3 Qb5 45. Rd5 cxd3 46. Rxb5 Bxg3+ 47. hxg3 dxe2 48. Kxe2)
44. Qd2 Bxc3 45. Qd5 {[%cal Ge4e5,Gc2g6,Gc8b7,Gc8a6]} Qa6 46. e5 (46. Bd1 Qf6+
47. Kg2 Rc8 (47... Be1 48. Qxc4 Qf2+ 49. Kh3) 48. Be2 Qe6 49. Rd8+ Rxd8 50.
Qxd8+ Kg7 51. Qd5) 46... Qa2 47. Qe4 Kh8 (47... Kg7 48. Qxg6+) (47... f5 48.
exf6 Rxf6+ 49. Kg2) (47... Bxe5 48. h4 Re8 {[%cal Ge5g3]} 49. Kg2 (49. Kf3 Re6
(49... f5)) 49... h5 (49... Kf8) (49... Re6 50. h5 (50. Rd8+ Kg7 51. Ra8 Qb2
52. Qxc4 Bxg3 (52... Qb7+ 53. Be4 Qb2+ 54. Qc2 (54. Kh3 Qf2)) 53. Qc8) 50...
Bf6 (50... Bg7)) (49... f5 50. Qd5+ Kh8 51. Qf7 Qxc2+ 52. Kh3) (49... Qa8 50.
Qxa8 (50. Kf3) (50. Kh3) (50. Rb7) 50... Rxa8 51. Be4 Ra2+ 52. Kf3 c3) 50. Kh3
(50. g4 hxg4 51. h5 Qa8 52. hxg6 fxg6 53. Rd5 Bg7 54. Qxc4 Rc8 55. Qb3 Rxc2+
56. Kg3 Qa2) 50... c3 51. Rd5 Qa6 52. Bd3 (52. Rxe5 Qf1+ 53. Kh2 Rxe5 54. Qxe5
Qf2+ 55. Kh3 Qxc2 56. Qe8+ Kg7 57. Qe5+ Kh7) 52... Qc8+ (52... Qc6 53. Rxe5 (
53. Rd8 Qe6+) 53... Qd7+ 54. g4 hxg4+ 55. Kg2 Rxe5 56. Qxe5 Qxd3) 53. Kg2 Bg7
54. Rc5 Qd7 55. Qc4 (55. Rd5 Rxe4 (55... Qc6 56. Re5 Qxe4+ 57. Rxe4 Rd8 {[%csl
Ge4]}) 56. Rxd7 Rxe3) 55... Rxe3 56. Rc7 (56. Bxg6 Be5 57. Rd5 Qe6 58. Rd8+ Kg7
59. Qxe6 fxe6) 56... Rxg3+ 57. Kxg3 Be5+ 58. Kf2 Qxc7 59. Qxc7 Bxc7 60. Kf3)
48. Kg2 Qa8 49. Qxa8 Rxa8 50. Rxf7 Ra2 51. Rf2 Bxe5 52. Bxg6 Rxf2+ 53. Kxf2 0-1

[Event "Biel 44. ACCENTUS-GM-Turnier"]
[Site "Biel/Switzerland"]
[Date "2011.07.26"]
[Round "7"]
[White "Morozevich, Alexander"]
[Black "Vachier-Lagrave, Maxime"]
[Result "1-0"]
[WhiteElo "2694"]
[BlackElo "2722"]
[PlyCount "85"]
[EventDate "2011.??.??"]

1. d4 Nf6 2. c4 g6 3. Nc3 d5 4. Nf3 Bg7 5. Qb3 (5. cxd5 Nxd5 6. e4 Nxc3 7. bxc3
) 5... dxc4 6. Qxc4 O-O 7. e4 Nc6 8. Be2 e5 9. d5 Nd4 10. Nxd4 exd4 11. Qxd4 c6
{[%csl Gd5][%cal Gf6d5]} 12. d6 (12. Qd1 cxd5 13. exd5) 12... Re8 {[%csl Ge4]
[%cal Gf6e4]} (12... Nd5 13. e5 {[%csl Gd6]} (13. Qd3 Nxc3 14. bxc3 Be5 15. Ba3
) 13... Qxd6 14. exd6 Bxd4) 13. Qd3 (13. e5 Nd7 14. f4) (13. Bg5 h6 14. Bxf6
Bxf6 15. Qd2 Bxc3 16. bxc3 Rxe4 17. O-O Qg5) 13... b5 {[%cal Gb5b4]} 14. f3 b4
15. Nd1 Re6 {[%csl Gc6][%cal Gc1f4,Gf6h5,Gd1e3,Ge3c4]} 16. Qc2 Nh5 17. Be3 (17.
Qxc6 Bd7 18. Qc7 Qh4+ (18... Qxc7 19. dxc7) 19. Nf2 Bd4) 17... Be5 18. g3 Rxd6
19. Qc5 Bd4 20. Bxd4 Rxd4 21. Ne3 Be6 (21... Bh3 22. Kf2 (22. Nd5 Rxe4 (22...
Rxd5 23. exd5 cxd5 24. Qd4) 23. fxe4 cxd5 24. Bxh5 gxh5 25. Qxd5) 22... Nf4 23.
Rhd1 Nxe2 24. Kxe2 Rxd1 25. Rxd1 Qb6 26. Qxb6 axb6 27. g4 h5 28. Kf2 hxg4 29.
fxg4 Rxa2 (29... Re8 30. Kf3) 30. Rd2 f5 31. gxf5 gxf5 32. Kg3 f4+ 33. Kxf4) (
21... Qb6 {[%cal Gc5b6]} 22. Rc1 (22. Qxb6 axb6) 22... Bh3 23. Kf2) (21... Nf4
22. gxf4 Qh4+ 23. Kf1 Bh3+ 24. Ng2 Rd2 25. Re1 Rxb2 26. Qg5 Qxg5 27. fxg5 Rxa2
28. Kf2 Bxg2 29. Kxg2 a5 30. Kf2 a4 31. Ra1) 22. Nc2 Rd2 (22... Rd7 23. Nxb4
Nf4 24. gxf4 Qh4+ 25. Qf2) 23. Nxb4 Rxb2 (23... Qd7 24. Qc3 Rd8 25. Nxc6 Rxe2+
26. Kxe2 Bc4+ 27. Qxc4 Qd2+ 28. Kf1 Qe3 29. Ne5 {[%csl Gf7]}) 24. Qc3 (24. Nd3
Qb6 25. Qxb6 Rxb6 26. Kd2) 24... Rxb4 25. Qxb4 Rb8 26. Qc3 (26. Qd2 Qb6 27. Rd1
) 26... Qb6 27. a3 (27. Rc1 Bxa2 28. Qc5 Qb2 29. Kf2) 27... Bh3 (27... Qc7 28.
Kf2 Rb3 29. Qc5) 28. Bf1 Be6 29. Rd1 Qc7 30. Kf2 (30. Be2 Rb3 31. Qd4) 30...
Rb3 (30... Qb6+ 31. Qe3) 31. Qd4 Rxa3 32. Qd8+ Qxd8 33. Rxd8+ Kg7 34. Be2 Nf6 {
[%csl Rc6]} (34... Ra2 35. Rc1) 35. Rc1 Ra2 36. Ke3 (36. Rxc6 Nxe4+ 37. fxe4
Bg4) 36... a5 37. Rd2 Ra3+ 38. Rd3 Ra2 39. Rxc6 a4 40. Rcc3 Nd7 41. Ra3 Rb2 42.
Rd2 Rb4 43. Rd4 1-0

[Event "Biel 44. ACCENTUS-GM-Turnier"]
[Site "Biel/Switzerland"]
[Date "2011.07.26"]
[Round "7"]
[White "Pelletier, Yannick"]
[Black "Caruana, Fabiano"]
[Result "0-1"]
[WhiteElo "2590"]
[BlackElo "2711"]
[PlyCount "132"]
[EventDate "2011.??.??"]

1. d4 Nf6 2. c4 g6 3. Nc3 d5 4. cxd5 Nxd5 5. e4 Nxc3 6. bxc3 Bg7 7. Nf3 (7. Bc4
{[%cal Gg1e2]}) 7... c5 8. Rb1 O-O 9. Be2 Nc6 (9... cxd4 10. cxd4 Qa5+ 11. Bd2
Qxa2) 10. d5 Ne5 (10... Bxc3+ 11. Bd2 Bxd2+ 12. Qxd2 Na5 13. h4) 11. Nxe5 Bxe5
12. Qd2 (12. c4 Qa5+ 13. Bd2 Qxa2) 12... e6 13. f4 Bc7 (13... Bg7) (13... Bh8)
14. O-O (14. c4 Ba5) 14... exd5 15. exd5 Ba5 16. d6 (16. f5 Bxf5 17. Rxf5 gxf5)
16... Rb8 17. Bb2 b5 18. Rbd1 Bd7 19. Bf3 c4 20. Kh1 Bf5 21. Qd4 (21. Qd5 Qf6
22. Qe5) 21... Bb6 22. Qd5 Be6 23. Qe5 Qd7 24. Ba3 Rfe8 25. Rfe1 Bf2 (25... Bg4
26. Bxg4 Qxg4 27. Qxe8+ Rxe8 28. Rxe8+ Kg7 {[%csl Gd1]}) 26. Rf1 Bb6 27. Rfe1
Bf2 28. Rf1 Bf5 29. Qf6 Be3 30. Bd5 Be4 31. Bxe4 Rxe4 32. f5 Rbe8 33. h3 Bh6
34. Bb4 Bg7 35. Qg5 h6 36. Qd2 gxf5 37. Qf2 f4 38. Qc5 Be5 39. Qd5 Re3 40. a4
bxa4 41. Qxc4 a5 (41... Rxh3+ 42. Kg1) 42. Bxa5 Kh8 43. Rd3 (43. Kg1 Rg8 44.
Qc7 Rxg2+ 45. Kxg2 Qxh3+ 46. Kg1 Qg4+) (43. Qc7 Rxh3+ 44. Kg1 Qg4 45. d7 Rg8
46. Qc6 f3 47. Rd2 Qxg2+ 48. Rxg2 Rxg2#) 43... Rxd3 44. Qxd3 Qxd6 45. Qxd6 (45.
Qf5 Qe6) 45... Bxd6 46. Bb4 Bc7 (46... Bxb4 47. cxb4 a3 48. Ra1 Ra8 49. b5) 47.
Ra1 Ra8 48. Kg1 Kg7 49. Kf2 Kf6 50. Ke2 Ke5 51. Kd3 Kd5 52. Rd1 (52. c4+ Kc6)
52... Be5 53. Kc2+ Kc4 54. Re1 f6 55. Re4+ Kb5 (55... Kd5 56. Re1) 56. Kb2 (56.
Re1) 56... Rg8 57. Re2 Rg3 58. Rf2 h5 (58... Kc4 59. Ka3 f3 60. Rxf3 Rxf3 (
60... Rxg2) 61. gxf3 Bxc3 62. Bf8 h5 63. Kxa4) 59. Ka2 Re3 60. Kb2 Re1 61. Ka2
Kc4 62. Ka3 Ra1+ 63. Kb2 Rd1 64. Ka3 Re1 65. Ba5 (65. Kb2 Kd3) 65... Kd3 66.
Kxa4 Re2 0-1